| 000 | 00813nmm a2200289 a 4500 | ||
|---|---|---|---|
| 003 | AR-BaBNM | ||
| 005 | 20251128203351.0 | ||
| 008 | 097019s1947 ||||||||||||||000 | spa|| | ||
| 040 | _cAR-BaBNM | ||
| 100 | 1 |
_aCamôes, Luís de _d[ca. 1524-1580] |
|
| 245 | 1 | 0 | _aLos Lusiadas |
| 260 |
_aBuenos Aires _bJosé Ballesta Editor _c1947 |
||
| 300 | 0 |
_a496 p. _bláms. |
|
| 500 | 0 | _aContiene referencias biográficas del autor en p. 5 | |
| 650 | 4 | _aLITERATURA CLASICA | |
| 650 | 4 | _aLITERATURA PORTUGUESA | |
| 650 | 4 | _aRENACIMIENTO | |
| 650 | 4 | _aCANTARES DE GESTA | |
| 650 | 4 | _aTRADICION ORAL | |
| 650 | 4 | _aCOSTUMBRES Y TRADICIONES | |
| 653 | 0 | _aEPICA | |
| 655 | _aLITERATURA | ||
| 700 | 1 |
_aAranda y Sanjuan, Manuel _etraductor |
|
| 700 | 0 |
_aSoares Dos Reis _eilustrador |
|
| 942 | _cBK | ||
| 998 | _cMARTIN | ||
| 999 |
_c3061 _d3061 |
||